[Event "4NCL 2022-23"]
[Site "Daventry ENG"]
[Date "2023.01.15"]
[Round "4.5"]
[Board "2"]
[White "Kilpatrick, Callum"]
[Black "Bourached, Anthony"]
[Result "1-0"]
[WhiteTitle "IM"]
[WhiteElo "2413"]
[BlackElo "1994"]
[WhiteTeam "Celtic Tigers 1"]
[BlackTeam "Gonzaga"]
[WhiteFideId "414425"]
[BlackFideId "2504456"]
[EventDate "2022.10.22"]

1. e4 c6 2. Nf3 d5 3. d3 dxe4 4. dxe4 Qxd1+ 5. Kxd1 Bg4 6. Nd2 Nd7 7. c3 Ngf6 8.
Kc2 e5 9. Ne1 Bc5 10. Nd3 O-O-O 11. f3 Be6 12. Nxc5 Nxc5 13. Nc4 Nfd7 14. Be3 f6
15. a4 Kb8 16. b4 Na6 17. Na5 Kc7 18. Bxa6 bxa6 19. Bxa7 Nb6 20. Rhd1 Nc4 21.
Nxc4 Bxc4 22. a5 Rxd1 23. Rxd1 Be6 24. Bb6+ Kc8 25. Rd6 Bd7 26. Kd3 Re8 27. Kc4
Re6 28. Kc5 Re7 29. Rd2 Kb7 30. Bd8 Rf7 31. Kd6 Bc8 32. Be7 h5 33. c4 g6 34. Rb2
f5 35. Re2 fxe4 36. Rxe4 Rf4 37. Kxe5 Rxe4+ 38. fxe4 Bd7 39. Kd6 Kc8 40. Bg5 Bg4
41. Kxc6 1-0

[Event "4NCL 2022-23"]
[Site "Daventry ENG"]
[Date "2023.02.11"]
[Round "5.3"]
[Board "2"]
[White "Cooper, John G"]
[Black "Makkar, Rajat"]
[Result "1-0"]
[WhiteTitle "IM"]
[BlackTitle "FM"]
[WhiteElo "2250"]
[BlackElo "2420"]
[WhiteTeam "West is Best"]
[BlackTeam "The Sharks"]
[WhiteFideId "1800027"]
[BlackFideId "36016810"]
[EventDate "2022.10.22"]

1. d4 Nf6 2. c4 e6 3. Nc3 Bb4 4. e3 O-O 5. Bd3 b6 6. Ne2 c5 7. d5 Bb7 8. e4 b5
9. O-O exd5 10. cxd5 c4 11. Bc2 Re8 12. Ng3 Qb6 13. Bg5 Na6 14. Qf3 Be7 15. e5
Nxd5 16. Nxd5 Bxd5 17. Qxd5 Nb4 18. Qd2 Nxc2 19. Bxe7 Nxa1 20. Bd6 Re6 21. Rxa1
f6 22. Nf5 fxe5 23. Qg5 g6 24. Nh6+ Kg7 25. Rd1 Rae8 26. Bxe5+ Rxe5 27. Rxd7+
R8e7 28. Qxe5+ 1-0

[Event "4NCL 2022-23"]
[Site "Daventry ENG"]
[Date "2023.02.11"]
[Round "5.4"]
[Board "3"]
[White "Adair, James R"]
[Black "Royal, Shreyas"]
[Result "1/2-1/2"]
[WhiteTitle "IM"]
[BlackTitle "IM"]
[WhiteElo "2442"]
[BlackElo "2438"]
[WhiteTeam "Chessable White Rose 1"]
[BlackTeam "Wood Green Youth"]
[WhiteFideId "406252"]
[BlackFideId "448869"]
[EventDate "2022.10.22"]

1. e4 e5 2. Nf3 Nc6 3. Bb5 a6 4. Bc4 Nf6 5. O-O Be7 6. Re1 b5 7. Bb3 d6 8. c3
O-O 9. h3 Nb8 10. d4 Nbd7 11. Nbd2 Bb7 12. Bc2 Re8 13. Nf1 Bf8 14. Ng3 g6 15.
Bd2 Bg7 16. Qc1 d5 17. Bg5 h6 18. Bxh6 dxe4 19. Bxe4 Nxe4 20. Nxe4 exd4 21. Bxg7
Kxg7 22. Neg5 Rxe1+ 23. Qxe1 dxc3 24. Qxc3+ Nf6 25. Ne5 Qd5 26. f3 Re8 27. Ngxf7
Re7 28. Re1 Bc8 29. Ng5 b4 30. Qe3 Bb7 31. Qe2 Qd4+ 32. Qf2 Qf4 33. Qe3 Qg3 34.
Re2 Nd5 35. Qd4 c5 36. Qg4 Qxg4 37. hxg4 c4 38. g3 Nf6 39. Kf2 Bd5 40. Nh3 c3
41. bxc3 bxc3 42. Nf4 c2 43. Ned3 Rxe2+ 44. Kxe2 Bc4 45. Kd2 g5 46. Ne2 Bxa2 47.
Kxc2 Bd5 48. Nd4 a5 49. Kc3 Nd7 50. f4 Kf6 51. Nf5 gxf4 52. gxf4 Bf3 53. Ne3
Bxg4 54. Nxg4+ Kf5 55. Ne3+ Ke4 56. Nc4 Nf6 57. Nd6+ Kd5 58. Nf5 Nh5 59. Ne3+
Ke4 60. Nc4 Nxf4 61. Nxf4 Kxf4 62. Nxa5 1/2-1/2

[Event "4NCL 2022-23"]
[Site "Daventry ENG"]
[Date "2023.02.11"]
[Round "5.5"]
[Board "4"]
[White "Gallagher, Daniel GH"]
[Black "Gallana, Marco"]
[Result "1/2-1/2"]
[WhiteElo "2214"]
[BlackElo "2296"]
[WhiteTeam "Cambridge University 1"]
[BlackTeam "Celtic Tigers"]
[WhiteFideId "436550"]
[BlackFideId "824542"]
[EventDate "2022.10.22"]

1. e4 c5 2. Nc3 Nc6 3. Nge2 Nf6 4. d4 cxd4 5. Nxd4 e5 6. Ndb5 d6 7. Nd5 Nxd5 8.
exd5 Nb8 9. a4 Be7 10. b4 a6 11. Na3 b6 12. Nc4 Nd7 13. Be2 O-O 14. O-O f5 15.
f4 a5 16. c3 Qc7 17. Be3 exf4 18. Bxf4 Ba6 19. Na3 Bxe2 20. Qxe2 Ne5 21. Bxe5
dxe5 22. Nb5 Qd7 23. d6 Bxd6 24. Rad1 Rf6 25. Nxd6 Rxd6 26. Rxd6 Qxd6 27. Rxf5
axb4 28. Rxe5 bxc3 29. Qc4+ Kh8 30. Qxc3 Qd1+ 31. Re1 Qxa4 32. h3 h6 33. Re6
Qa1+ 34. Qxa1 Rxa1+ 35. Kf2 Rb1 36. h4 h5 37. Kf3 Rb4 38. g3 Kh7 39. Rc6 b5 40.
Rb6 Kg8 41. Rb7 Kf8 42. Ke3 g6 43. Kf3 Kg8 44. Kf2 Rb3 45. Kg2 Rb1 46. Kf3 Rf1+
47. Kg2 Rf5 48. g4 Rc5 49. gxh5 gxh5 50. Kf3 Kf8 51. Ke4 Ke8 52. Kd4 Rc4+ 53.
Kd3 Rb4 54. Kc3 Rxh4 55. Rxb5 Kf7 56. Kd3 Kg6 57. Ke3 Rg4 58. Kf3 Kh6 59. Ra5
Rg6 60. Ra4 Rg1 61. Kf2 Rg8 62. Kf3 Rg1 1/2-1/2

[Event "4NCL 2022-23"]
[Site "Daventry ENG"]
[Date "2023.02.11"]
[Round "5.5"]
[Board "5"]
[White "Pein, Jonathan"]
[Black "Hill, Alistair"]
[Result "1/2-1/2"]
[WhiteTitle "FM"]
[WhiteElo "2301"]
[BlackElo "2171"]
[WhiteTeam "Celtic Tigers"]
[BlackTeam "Cambridge University"]
[WhiteFideId "417092"]
[BlackFideId "432407"]
[EventDate "2022.10.22"]

1. e4 c5 2. g3 Nc6 3. Bg2 Nf6 4. Ne2 d5 5. exd5 Nxd5 6. d4 cxd4 7. Nxd4 Ndb4 8.
Nxc6 Qxd1+ 9. Kxd1 Nxc6 10. Be3 g6 11. Nc3 Bg7 12. Kc1 O-O 13. Bc5 Bf5 14. Re1
Rac8 15. Nd5 Rfe8 16. c3 e6 17. Nb4 Nxb4 18. Bxb4 b6 19. Bb7 Rc7 20. Ba6 Rd8 21.
Rd1 Rcd7 22. Rxd7 Rxd7 23. Bb5 Rd5 24. Bc4 Rd8 25. Be7 Bh6+ 26. f4 Rd7 27. Bf6
Bg7 28. Bxg7 Kxg7 29. a4 a5 30. Be2 e5 31. fxe5 Rd5 32. b4 Rxe5 33. Kd2 Bd7 34.
Bc4 g5 35. bxa5 Rxa5 36. Bb3 f5 37. c4 Kf6 38. Kc3 f4 39. Rf1 Ke5 40. gxf4+ gxf4
41. Re1+ Kf5 42. Re7 Bxa4 43. Bxa4 Rxa4 44. Rxh7 Ke4 45. Re7+ Kf3 46. Re6 Kg2
47. Rxb6 f3 48. Kd4 f2 49. Rf6 f1=Q 50. Rxf1 Kxf1 51. Kd5 Kg2 52. c5 Kxh2 53. c6
Kg3 54. c7 Ra8 55. Kc6 Kf4 56. Kb7 Rh8 57. c8=Q Rxc8 58. Kxc8 1/2-1/2

[Event "4NCL 2022-23"]
[Site "Daventry ENG"]
[Date "2023.02.11"]
[Round "5.6"]
[Board "1"]
[White "Speelman, Jon S"]
[Black "Delaney, Killian"]
[Result "1-0"]
[WhiteTitle "GM"]
[BlackTitle "FM"]
[WhiteElo "2487"]
[BlackElo "2294"]
[WhiteTeam "Wood Green"]
[BlackTeam "Gonzaga"]
[WhiteFideId "400033"]
[BlackFideId "2501570"]
[EventDate "2022.10.22"]

1. Nf3 c5 2. c4 e6 3. g3 d5 4. Bg2 Nc6 5. O-O dxc4 6. Na3 Be7 7. Nxc4 Nf6 8. b3
Nd5 9. Bb2 Bf6 10. Bxf6 Nxf6 11. Rc1 O-O 12. Nce5 Nxe5 13. Nxe5 Qa5 14. Qc2 Nd5
15. Rfd1 b6 16. Nc6 Qb5 17. Ne7+ Kh8 18. Nxd5 exd5 19. Bxd5 Rb8 20. d4 cxd4 21.
Rxd4 Qd7 22. Qc7 1-0

[Event "4NCL 2022-23"]
[Site "Daventry ENG"]
[Date "2023.02.11"]
[Round "5.6"]
[Board "4"]
[White "Venkatesan, Kavin"]
[Black "Fitzsimons, David"]
[Result "1/2-1/2"]
[BlackTitle "IM"]
[WhiteElo "2155"]
[BlackElo "2319"]
[WhiteTeam "Gonzaga"]
[BlackTeam "Wood Green"]
[WhiteFideId "2512602"]
[BlackFideId "2501961"]
[EventDate "2022.10.22"]

1. d4 Nf6 2. c4 e6 3. Nc3 d5 4. cxd5 Nxd5 5. e4 Nxc3 6. bxc3 c5 7. Nf3 cxd4 8.
cxd4 Bb4+ 9. Bd2 Bxd2+ 10. Qxd2 O-O 11. Bc4 Nd7 12. O-O b6 13. Rfe1 Bb7 14. Rad1
Rc8 15. Bb3 Re8 16. Re3 Nf6 17. Qe1 Ng4 18. Re2 Ba6 19. Red2 Bc4 20. Bxc4 Rxc4
21. d5 exd5 22. Rxd5 Qc8 23. e5 h6 24. h3 Nf6 25. R5d4 Rxd4 26. Rxd4 Nd7 27. Qd2
Nc5 28. Nh4 Qc7 29. f4 Ne6 30. Rd7 Qc4 31. Nf3 Nxf4 32. Rxa7 Nd3 33. Qe3 Rc8 34.
Kh2 b5 35. Rd7 Nc5 36. Rd2 Ra8 37. Rb2 Na4 38. Rb3 Rd8 39. a3 Rd5 40. Rb4 Qc7
41. Rd4 Qc5 42. Rd3 Qxe3 43. Rxe3 Nc5 44. Re1 Kf8 45. Rb1 Nd7 46. Rb4 Nxe5 47.
Nxe5 Rxe5 48. a4 bxa4 49. Rxa4 g5 50. g4 Re3 51. Ra6 Kg7 52. Rb6 f6 53. Kg2 Kg6
54. Ra6 Rb3 55. Rc6 Rb2+ 56. Kg3 Rb1 57. Kg2 Rb4 58. Kg3 Re4 59. Rb6 Kf7 60. Ra6
Re3+ 61. Kg2 Re6 62. Ra7+ Kg6 63. h4 gxh4 64. Kh3 Re4 65. Ra5 Re5 66. Ra8 h5 67.
Rg8+ Kf7 68. Rh8 hxg4+ 69. Kxg4 Re4+ 70. Kf5 Ra4 71. Rh7+ Kg8 72. Rb7 h3 73.
Kxf6 h2 74. Rb1 Ra2 75. Rh1 Kh7 76. Kg5 Kg7 77. Kg4 Kg6 78. Kg3 Kg5 79. Rxh2
Ra3+ 80. Kf2 Kg4 81. Rh8 Ra2+ 82. Ke3 Ra3+ 83. Kd2 Ra2+ 84. Kd3 Ra3+ 1/2-1/2

[Event "4NCL 2022-23"]
[Site "Daventry ENG"]
[Date "2023.02.11"]
[Round "5.6"]
[Board "6"]
[White "Murray, David"]
[Black "McDonald, Neil"]
[Result "1/2-1/2"]
[BlackTitle "GM"]
[WhiteElo "2090"]
[BlackElo "2414"]
[WhiteTeam "Gonzaga"]
[BlackTeam "Wood Green"]
[WhiteFideId "2501511"]
[BlackFideId "400629"]
[EventDate "2022.10.22"]

1. e4 e6 2. d4 d5 3. Nc3 Nf6 4. Bg5 Bb4 5. e5 h6 6. Bh4 g5 7. Bg3 Ne4 8. Ne2 f5
9. exf6 Qxf6 10. Qd3 Nc6 11. a3 Bxc3+ 12. Nxc3 Nxg3 13. Qxg3 Nxd4 14. O-O-O c5
15. Kb1 Qf4 16. Qh3 Bd7 17. Ne2 Nxe2 18. Bxe2 O-O-O 19. Bg4 Kb8 20. Rhe1 Qxf2
21. Re2 Qf4 22. Bxe6 Bb5 23. Red2 d4 24. Qb3 Bc6 25. g3 Qe5 26. Bc4 Rhe8 27. Qd3
Be4 28. Qf1 Qd6 29. Rf2 Rf8 30. Rdd2 g4 31. Rde2 Rxf2 32. Rxf2 Bf3 33. Qe1 a6
34. a4 Ka7 35. Rf1 Qc6 36. a5 Re8 37. Qd2 Re5 38. Re1 Qc7 39. b3 Qe7 40. Rxe5
Qxe5 41. Bd3 h5 42. Kb2 Bc6 43. Qh6 c4 44. bxc4 Qxa5 45. Qd6 Qc3+ 46. Ka2 a5 47.
Qc5+ Ka6 48. Qxh5 Qb4 49. Qxg4 Qa4+ 50. Kb2 Qb4+ 51. Ka2 Qa4+ 52. Kb2 Qb4+ 1/2-1/2

[Event "4NCL 2022-23"]
[Site "Daventry ENG"]
[Date "2023.02.12"]
[Round "6.1"]
[Board "4"]
[White "Kirk, Ezra"]
[Black "Wall, Gavin"]
[Result "1-0"]
[WhiteTitle "IM"]
[BlackTitle "IM"]
[WhiteElo "2439"]
[BlackElo "2298"]
[WhiteTeam "Cheddleton"]
[BlackTeam "Gonzaga"]
[WhiteFideId "600067"]
[BlackFideId "2501244"]
[EventDate "2022.10.22"]

1. e4 e5 2. Nf3 Nc6 3. Bb5 a6 4. Ba4 d6 5. O-O Ne7 6. c3 Ng6 7. d4 Bd7 8. Bc2
Be7 9. a4 O-O 10. d5 Nb8 11. a5 f5 12. exf5 Bxf5 13. Bxf5 Rxf5 14. Nbd2 Nd7 15.
Ne4 Qf8 16. c4 c5 17. Rb1 b6 18. axb6 a5 19. b7 Ra7 20. Ra1 Qb8 21. Nfg5 Bxg5
22. Bxg5 Rxb7 23. Rxa5 Rxb2 24. Qa1 Ndf8 25. Ra6 Qb3 26. Be3 Nf4 27. Bxf4 exf4
28. Ra3 Qb6 29. Nxd6 Re5 30. Nb5 Ree2 31. Nc3 Rec2 32. Na4 1-0

[Event "4NCL 2022-23"]
[Site "Daventry ENG"]
[Date "2023.02.12"]
[Round "6.2"]
[Board "2"]
[White "Lupulescu, Constantin"]
[Black "Gormally, Daniel W"]
[Result "1/2-1/2"]
[WhiteTitle "GM"]
[BlackTitle "GM"]
[WhiteElo "2582"]
[BlackElo "2434"]
[WhiteTeam "Chess.com Manx Liberty"]
[BlackTeam "Blackthorne"]
[WhiteFideId "1207822"]
[BlackFideId "406465"]
[EventDate "2022.10.22"]

1. e4 c5 2. Nf3 d6 3. d4 cxd4 4. Nxd4 Nf6 5. Nc3 Nc6 6. Bb5 Bd7 7. Be3 a6 8. Be2
Nxd4 9. Qxd4 e5 10. Qd2 h6 11. O-O-O Rc8 12. f3 Qa5 13. Kb1 Be7 14. g4 Be6 15.
a3 Rxc3 16. Qxc3 Qxc3 17. bxc3 d5 18. exd5 Nxd5 19. Rd3 Bg5 20. Bxg5 hxg5 21.
Bf1 b5 22. h3 Ke7 23. Rh2 Rc8 24. Kb2 Nb6 25. Re3 Kf6 26. h4 gxh4 27. Rxh4 Na4+
28. Kc1 Nxc3 29. Rh5 g5 30. Bd3 a5 31. Rh6+ Kg7 32. Rh7+ Kf6 33. Rh6+ Kg7 34.
Rh7+ Kf6 35. Re1 Rc5 36. Rh6+ Kg7 37. Rh7+ Kf6 38. Kd2 b4 39. Rh6+ Kg7 40. Rh7+
Kf6 41. Rh6+ Kg7 42. axb4 axb4 43. Rh7+ Kf6 44. Rh6+ Kg7 45. Rh7+ Kf6 46. Ra1
Rd5 47. Ra7 e4 48. fxe4 Nxe4+ 49. Ke3 Nd6 50. Rh6+ Ke5 51. Rh5 Kf6 52. Rh6+ Ke5
53. Rh5 1/2-1/2

[Event "4NCL 2022-23"]
[Site "Daventry ENG"]
[Date "2023.03.18"]
[Round "7.3"]
[Board "4"]
[White "Eggleston, David J"]
[Black "Turner, Matthew J"]
[Result "1/2-1/2"]
[WhiteTitle "IM"]
[BlackTitle "GM"]
[WhiteElo "2360"]
[BlackElo "2441"]
[WhiteTeam "Cheddleton"]
[BlackTeam "Chess.com Manx Liberty"]
[WhiteFideId "412120"]
[BlackFideId "402893"]
[EventDate "2022.10.22"]

1. e4 e5 2. Nf3 Nc6 3. Bc4 Bc5 4. c3 Nf6 5. d3 d6 6. b4 Bb6 7. a4 a5 8. b5 Ne7
9. O-O O-O 10. h3 Ng6 11. Re1 h6 12. Nbd2 Nh5 13. d4 Nhf4 14. Nf1 Be6 15. Bxe6
fxe6 16. Be3 exd4 17. cxd4 Qf6 18. N1h2 Qf7 19. g3 Nh5 20. e5 dxe5 21. dxe5 Rad8
22. Qe2 Bxe3 23. Qxe3 Rd5 24. Qc3 Nhf4 25. gxf4 Nxf4 26. Qc2 Qh5 27. Kh1 Nxh3
28. Re3 g5 29. Rf1 g4 30. Ng1 Ng5 31. Rg3 Rd4 32. f3 gxf3 33. Rfxf3 Rfd8 34. Rg2
Kh8 35. Rf1 R8d7 36. Qf2 Kh7 37. Qf8 Rxa4 38. Nf3 Rg7 39. Nxg5+ hxg5 40. Rgf2
Rh4 41. Kg1 Rf4 42. Qd8 Rgf7 43. Rxf4 gxf4 44. Nf3 Rg7+ 45. Kf2 Qh3 46. Ke1 a4
47. Rf2 a3 48. Qd3+ Kg8 49. Qxa3 Rg1+ 50. Ke2 Rb1 51. Qa2 Rxb5 52. Qc2 Kf8 53.
Qd2 Ke8 54. Qxf4 Qh5 55. Qf6 Qg4 56. Qh8+ Kd7 57. Qh7+ Kc6 58. Qc2+ Rc5 59. Qb2
b5 60. Kf1 Kb6 61. Ke1 Qe4+ 62. Kf1 b4 63. Kg1 Qg4+ 64. Kf1 Rc3 65. Qe2 c5 66.
Qd1 Qc4+ 67. Kg2 Qg4+ 68. Kf1 Qc4+ 1/2-1/2

[Event "4NCL 2022-23"]
[Site "Daventry ENG"]
[Date "2023.03.19"]
[Round "8.4"]
[Board "1"]
[White "Sarakauskas, Gediminas"]
[Black "Murphy, Conor E"]
[Result "0-1"]
[WhiteTitle "IM"]
[BlackTitle "IM"]
[WhiteElo "2388"]
[BlackElo "2450"]
[WhiteTeam "Gonzaga"]
[BlackTeam "Cambridge University"]
[WhiteFideId "12800724"]
[BlackFideId "421669"]
[EventDate "2022.10.22"]

1. e4 e5 2. Nf3 Nc6 3. Bc4 Nf6 4. d3 Bc5 5. O-O d6 6. c3 a5 7. Nbd2 O-O 8. h3
Be6 9. Re1 Ba7 10. Bb3 Bxb3 11. Qxb3 a4 12. Qc2 d5 13. Nf1 d4 14. Ng3 Nd7 15.
cxd4 Nxd4 16. Nxd4 Bxd4 17. Nf5 Bb6 18. Be3 Bxe3 19. Nxe3 c6 20. Rad1 Qb6 21.
Qc3 Qc5 22. Qxc5 Nxc5 23. Nc4 f6 24. d4 exd4 25. Rxd4 Rfd8 26. Red1 Rxd4 27.
Rxd4 Kf7 28. f3 Ke7 29. Kf2 g6 30. Ke3 b5 31. Nd2 Ne6 32. Rd3 c5 33. Rd5 Rc8 34.
f4 a3 35. b3 Nd4 36. Kd3 Nc6 37. Rxc5 Nb4+ 38. Kd4 Nc2+ 39. Kd5 Nb4+ 40. Kd4
Nc2+ 41. Kd5 Rd8+ 42. Kc6 Rxd2 43. Kxb5 Nd4+ 44. Kb4 Rxa2 45. Rc7+ Ke6 46. g4 h6
47. f5+ gxf5 48. exf5+ Ke5 49. Re7+ Kf4 50. Rf7 Nc2+ 51. Kc3 Ne3 0-1

[Event "4NCL 2022-23"]
[Site "Daventry ENG"]
[Date "2023.03.19"]
[Round "8.5"]
[Board "1"]
[White "Kozusek, Daniel"]
[Black "Chow, Samuel"]
[Result "1-0"]
[WhiteTitle "FM"]
[BlackTitle "FM"]
[WhiteElo "2331"]
[BlackElo "2322"]
[WhiteTeam "West is Best"]
[BlackTeam "Chessable White Rose 2"]
[WhiteFideId "349500"]
[BlackFideId "3202992"]
[EventDate "2022.10.22"]

1. d4 Nf6 2. c4 g6 3. g3 c6 4. Bg2 d5 5. Nf3 Bg7 6. O-O O-O 7. Ne5 Ng4 8. cxd5
cxd5 9. Bf4 Nxe5 10. Bxe5 Bxe5 11. dxe5 e6 12. e4 dxe4 13. Qxd8 Rxd8 14. Bxe4
Na6 15. Nc3 Rb8 16. Rfd1 Bd7 17. Rd6 Kf8 18. Rad1 Ke7 19. Bxb7 Nc5 20. Bc6 Bxc6
21. Rxc6 Rxd1+ 22. Nxd1 Nd3 23. Rc7+ Kf8 24. b3 Nxe5 25. Rxa7 Rd8 26. Nc3 h6 27.
Ra5 Nf3+ 28. Kg2 Rd3 29. Rc5 Nd4 30. b4 Rd2 31. a4 Rb2 32. b5 Nb3 33. Rc8+ Ke7
34. b6 Nd4 35. a5 Kd7 36. Rc7+ Kd6 37. Ne4+ Ke5 38. b7 Kxe4 39. a6 Nf5 40. a7
Ne3+ 41. Kh3 1-0

[Event "4NCL 2022-23"]
[Site "Daventry ENG"]
[Date "2023.03.19"]
[Round "8.5"]
[Board "4"]
[White "Wall, Tim P"]
[Black "Macfarlane, Donald"]
[Result "1/2-1/2"]
[WhiteTitle "FM"]
[WhiteElo "2205"]
[BlackElo "2207"]
[WhiteTeam "Chessable White Rose 2"]
[BlackTeam "West is Best"]
[WhiteFideId "401641"]
[BlackFideId "343402100"]
[EventDate "2022.10.22"]

1. d4 Nf6 2. Nc3 d5 3. Bf4 a6 4. e3 e6 5. g4 Bb4 6. Ne2 Ne4 7. a3 Nxc3 8. Nxc3
Bxc3+ 9. bxc3 Qd7 10. Bd3 Qc6 11. O-O Nd7 12. Qf3 e5 13. dxe5 Nc5 14. c4 1/2-1/2

[Event "4NCL 2022-23"]
[Site "Daventry ENG"]
[Date "2023.03.19"]
[Round "8.6"]
[Board "5"]
[White "O'Donnell, Conor"]
[Black "Ledger, Dave J"]
[Result "0-1"]
[WhiteTitle "FM"]
[BlackTitle "FM"]
[WhiteElo "2293"]
[BlackElo "2193"]
[WhiteTeam "Wood Green Youth"]
[BlackTeam "Blackthorne"]
[WhiteFideId "2504243"]
[BlackFideId "401986"]
[EventDate "2022.10.22"]

1. e4 e5 2. Nc3 Nf6 3. d4 exd4 4. Qxd4 Nc6 5. Qd3 Bc5 6. Bf4 d6 7. Qd2 Be6 8.
Bb5 O-O 9. Nge2 a6 10. Bxc6 bxc6 11. O-O Ng4 12. Bg5 f6 13. Bh4 Qd7 14. b3 Rae8
15. Na4 Ba7 16. c4 f5 17. exf5 Bxf5 18. Nd4 Nxh2 19. Kxh2 Bxd4 20. Qxd4 Re4 21.
Qd2 Rxh4+ 22. Kg1 Qf7 23. f3 Qh5 24. Kf2 Rh2 25. Rg1 Be4 0-1

[Event "4NCL 2022-23"]
[Site "Daventry ENG"]
[Date "2023.04.29"]
[Round "9.5"]
[Board "4"]
[White "Czopor, Maciej"]
[Black "McClement, Andrew"]
[Result "0-1"]
[WhiteTitle "FM"]
[WhiteElo "2403"]
[BlackElo "2232"]
[WhiteTeam "Wood Green Youth"]
[BlackTeam "Cambridge University"]
[WhiteFideId "21805431"]
[BlackFideId "2400480"]
[EventDate "2022.10.22"]

1. e4 c5 2. Nf3 d6 3. d4 cxd4 4. Nxd4 Nf6 5. Nc3 e6 6. Be2 a6 7. O-O Be7 8. Be3
Qc7 9. f4 b5 10. Bf3 Bb7 11. e5 dxe5 12. Bxb7 Qxb7 13. fxe5 Nfd7 14. Qg4 g6 15.
Qf4 O-O 16. Rf3 Nc6 17. Qh6 Ncxe5 18. Rh3 Nf6 19. Bg5 Neg4 20. Qh4 h5 21. Rf1
Qb6 22. Rf4 Rfd8 23. Ne2 e5 24. Rxg4 Nxg4 25. Bxe7 Rd7 26. b4 exd4 27. Bc5 Qe6
28. Nf4 Qxa2 29. Rf3 Qb1+ 30. Rf1 Qxc2 31. h3 Ne3 32. Rf2 Qb1+ 33. Kh2 Qf5 34.
Ne2 Qe5+ 35. Kg1 d3 36. Nd4 Re8 37. Rd2 Nf5 38. Nxf5 Qxf5 39. Bf2 Re2 40. Rxe2
dxe2 41. Kh2 Qe5+ 42. Kg1 g5 43. Qxh5 Rd1+ 0-1

[Event "4NCL 2022-23"]
[Site "Daventry ENG"]
[Date "2023.04.29"]
[Round "9.6"]
[Board "8"]
[White "Putar, Lara"]
[Black "O'Gorman, Alice"]
[Result "1-0"]
[WhiteElo "1861"]
[BlackElo "2056"]
[WhiteTeam "Gonzaga"]
[BlackTeam "West is Best"]
[WhiteFideId "14546604"]
[BlackFideId "2508214"]
[EventDate "2022.10.22"]

1. d4 d5 2. c4 e6 3. Nf3 c6 4. b3 Bd6 5. e3 Nf6 6. Bd3 dxc4 7. bxc4 c5 8. O-O
cxd4 9. exd4 O-O 10. Nc3 a6 11. Bg5 Nbd7 12. Qe2 Qc7 13. Ne4 Be7 14. Ne5 Nxe5
15. Bf4 Nxe4 16. Qxe4 f5 17. Qxe5 Qxe5 18. Bxe5 Rd8 19. Rfd1 Bd7 20. Bc7 Rdc8
21. Bb6 Bd8 22. Bxd8 Rxd8 23. a4 g6 24. a5 Rac8 25. Rd2 Be8 26. Be2 Rd6 27. Rb1
Bc6 28. c5 Rd7 29. Bc4 Kf7 30. Re1 Bd5 31. Bxd5 Rxd5 32. Red1 e5 33. dxe5 Rxd2
34. Rxd2 Rxc5 35. f4 Rxa5 36. Rd7+ Kg8 37. Rxb7 g5 38. e6 Kf8 39. fxg5 Re5 40.
Rxh7 Rxe6 41. Ra7 Kg8 42. Kf2 Re4 43. Rxa6 Rf4+ 44. Kg1 Rg4 45. Rg6+ Kh7 46.
Rh6+ Kg7 47. h4 f4 48. Kf2 Rg3 49. Rf6 Rg4 50. Kf3 Rxh4 51. Rh6 1-0

[Event "4NCL 2022-23"]
[Site "Daventry ENG"]
[Date "2023.04.30"]
[Round "10.4"]
[Board "1"]
[White "Gormally, Daniel W"]
[Black "Murphy, Conor E"]
[Result "1/2-1/2"]
[WhiteTitle "GM"]
[BlackTitle "IM"]
[WhiteElo "2434"]
[BlackElo "2450"]
[WhiteTeam "Blackthorne"]
[BlackTeam "Cambridge University"]
[WhiteFideId "406465"]
[BlackFideId "421669"]
[EventDate "2022.10.22"]

1. d4 d5 2. c4 e6 3. Nf3 Nf6 4. g3 Bb4+ 5. Bd2 a5 6. Qc2 O-O 7. Bg2 c5 8. dxc5
d4 9. O-O Nc6 10. Bg5 Bxc5 11. Nbd2 e5 12. Ne1 Be7 13. Bxf6 Bxf6 14. Nd3 Qc7 15.
c5 Bf5 16. Be4 Bxe4 17. Nxe4 Be7 18. Qc4 Kh8 19. f4 f5 20. Nd6 Bxd6 21. cxd6
Qxd6 22. fxe5 Nxe5 23. Qc5 Qxc5 24. Nxc5 Rfc8 25. Ne6 g6 26. Nxd4 Rc4 27. Rfd1
Rac8 28. b3 Rc3 29. Nb5 Rc2 30. Nd4 R2c3 31. Nb5 R3c5 32. a4 Rc2 33. Nd4 R2c3
34. Rab1 Rd8 35. Ne6 Re8 36. Nd4 Rd8 37. Ne6 Re8 38. Nd4 Ng4 39. b4 Rc4 40. bxa5
Ne3 41. Rd3 Rxa4 42. h3 Re7 43. Nb5 Rxa5 44. Nd6 Ra4 45. Kf2 Nc2 46. Rxb7 Rxb7
47. Nxb7 Nd4 48. Nc5 Rc4 49. Nb3 Ne6 50. Nd2 Rc2 51. h4 Kg7 52. Rd7+ Kf6 53. Ke3
h6 54. Nf3 Rc3+ 55. Rd3 Rc4 56. Rd6 Ke7 57. Rd5 Re4+ 58. Kf2 Kf6 59. Rd6 g5 60.
hxg5+ hxg5 61. Ra6 g4 62. Ne1 1/2-1/2

[Event "4NCL 2022-23"]
[Site "Daventry ENG"]
[Date "2023.04.30"]
[Round "10.4"]
[Board "6"]
[White "Robertson, J Stuart"]
[Black "Ledger, Dave J"]
[Result "1-0"]
[BlackTitle "FM"]
[WhiteElo "2160"]
[BlackElo "2193"]
[WhiteTeam "Cambridge University"]
[BlackTeam "Blackthorne"]
[WhiteFideId "417114"]
[BlackFideId "401986"]
[EventDate "2022.10.22"]

1. d4 Nf6 2. c4 e6 3. Nc3 Bb4 4. e3 c5 5. Ne2 b6 6. a3 Bxc3+ 7. Nxc3 Bb7 8. d5
O-O 9. Be2 exd5 10. cxd5 Re8 11. O-O d6 12. b4 Nbd7 13. Bb2 a6 14. b5 Ne4 15.
Nxe4 Rxe4 16. Bd3 Re8 17. Qh5 h6 18. Qf5 Nf8 19. e4 Bc8 20. Qf3 Ng6 21. Qe3 Qg5
22. f4 Qxd5 23. f5 Bxf5 24. exd5 Rxe3 25. Bxf5 axb5 26. Bxg6 fxg6 27. Rf3 Rxf3
28. gxf3 Ra4 29. Re1 b4 30. axb4 Rxb4 31. Ba1 Rb3 32. Kf2 Kf7 33. Re3 Rb1 34.
Re1 Rb3 35. Re6 Ra3 36. Bb2 Ra2 37. Re2 g5 38. Ke3 b5 39. Kd3 Ra4 40. Re6 Ra2
41. Kc2 Ra6 42. Kb3 b4 43. h3 Rb6 44. Be5 Ra6 45. Rxd6 Ra3+ 46. Kc4 Re3 47. Re6
Rxf3 48. Kxc5 b3 49. Rb6 Rxh3 50. Rb7+ Ke8 51. Kd6 b2 52. Ke6 Re3 53. Rb8# 1-0

[Event "4NCL 2022-23"]
[Site "Daventry ENG"]
[Date "2023.04.30"]
[Round "10.6"]
[Board "1"]
[White "Fernandez, Daniel Howard"]
[Black "Rudd, Jack"]
[Result "1-0"]
[WhiteTitle "GM"]
[BlackTitle "IM"]
[WhiteElo "2512"]
[BlackElo "2294"]
[WhiteTeam "Wood Green Youth"]
[BlackTeam "West is Best"]
[WhiteFideId "5801605"]
[BlackFideId "405736"]
[EventDate "2022.10.22"]

1. c4 Nf6 2. g3 g6 3. b4 Bg7 4. Bb2 O-O 5. Bg2 c6 6. d3 Qb6 7. Qd2 a5 8. bxa5
Rxa5 9. Bc3 Rh5 10. h3 Ne8 11. Nf3 d6 12. a4 f5 13. a5 Qc7 14. c5 dxc5 15. Bxg7
Nxg7 16. Qf4 Qxf4 17. gxf4 Ne6 18. Ra4 Na6 19. h4 Nb4 20. e3 Nxd3+ 21. Ke2 Nb4
22. Nbd2 b5 23. axb6 Ba6+ 24. Rxa6 Nxa6 25. Ne5 Nb4 26. Nxc6 Nxc6 27. Bxc6 Rb8
28. Nc4 Nd8 29. Bf3 Rh6 30. Kd3 g5 31. hxg5 Rhxb6 32. Nxb6 Rxb6 33. Rc1 Rd6+ 34.
Ke2 Ne6 35. Bb7 Kg7 36. Bc8 h6 37. gxh6+ Kxh6 38. Bxe6 Rxe6 39. Rxc5 Kg6 40. Re5
Kf6 41. Rxe6+ Kxe6 42. Kd3 Kd5 43. f3 e6 44. Kc3 Kc5 45. e4 fxe4 46. fxe4 Kd6
47. Kb4 Kc6 48. Kc4 Kd6 49. Kb5 Kc7 50. Kc5 Kd7 51. Kb6 Kd6 52. e5+ 1-0